Elementary linear algebra

Αποθηκεύτηκε σε:
Λεπτομέρειες βιβλιογραφικής εγγραφής
Κύριος συγγραφέας: Andrilli, Stephen
Άλλοι συγγραφείς: Hecker, David
Μορφή: Βιβλίο
Γλώσσα:English
Δημοσίευση: Amsterdam : Academic, c2003
Έκδοση:3rd ed.
Θέματα:
Ετικέτες: Προσθήκη ετικέτας
Δεν υπάρχουν, Καταχωρήστε ετικέτα πρώτοι!

MARC

LEADER 00000nam a2200000 i 4500
001 1/37753
008 061118s2003 eng d
020 |a 0-12-058621-5 
035 |l 10086170 
040 |a GR-MY-UA  |b gre  |e aacr 
041 0 |a eng 
082 0 |a 512.5  |2 (22) 
100 1 |a Andrilli, Stephen. 
245 1 0 |a Elementary linear algebra /  |c Stephen Andrilli, David Hecker 
250 |a 3rd ed. 
260 |a Amsterdam :   |b Academic,   |c c2003 
300 |a xxxiii,608 σ.;  |b εικ., πίν.;  |c 24 εκ. 
504 |a Περιλαμβάνει βιβλιογραφικές παραπομπές και ευρετήριο 
650 0 0 |a Algebras, Linear. 
700 1 |a Hecker, David. 
852 |a INST  |b CHIOS  |e 20061118  |h 512.5 AND  |p 005200026707  |q 005200026707  |t BK  |y 0 
901 |a BIBL2-2006-3 
909 |a Χ  |b 120644 
920 |a ΔΙΕΥΡΥΝΣΗ  |b ΕΠΕΑΕΚ-ΤΜΟΔ  |y ΧΙΟΣ  |z 2004-12 
970 |a ΒΑΣΙΛΑΚΗ  |b ΝΙΚΗ  |z 2006/11/18